U.S. states that are completely susceptible to hurricanes - Statistics

General Stats
  • This quiz has been taken 82 times
  • The average score is 4 of 6
Answer Stats
State % Correct
Florida
100%
Connecticut
64%
Massachusetts
63%
Rhode Island
63%
Delaware
57%
New Jersey
54%
No matching quizzes found
Score Distribution
Percent of People with Each Score
Percentile by Number Answered
Your Score History
You have not taken this quiz